| 000 | 01181nac a22003377a 4500 | ||
|---|---|---|---|
| 001 | BR8602159 | ||
| 003 | BR-BrBNA | ||
| 005 | 20240105120414.0 | ||
| 008 | 230509b bl.|||m| |||| 00| 0 por d | ||
| 040 |
_aBR-BrBNA _bpor _cBiblioteca Nacional de Agricultura |
||
| 072 | _aF01 | ||
| 090 | _a1530 BR8602159 | ||
| 100 | 1 | _aFaoro, I.D. | |
| 100 | 1 | _aBusato, M.V. | |
| 100 | 1 | _aBecker, W.F. | |
| 110 | 1 | _aEmpresa Catarinense de Pesquisa Agropecuaria S.A., Florianopolis, SC (Brasil) | |
| 245 | 1 | _aCompeticao de cultivares de cenoura na semeadura de outubro, no planalto catarinense [Daucus carota] | |
| 246 | 1 | _a[Comparison of carrot cultivars during the October sowing period, in the Santa Catarina plateau] | |
| 260 | 3 |
_aFlorianopolis, SC (Brasil): _c1986. |
|
| 300 | _a5 p. | ||
| 490 |
_aPesquisa em Andamento - Empresa Catarinense de Pesquisa Agropecuaria S.A. (Brazil) _vno. 55 _xISSN 0101-7861 |
||
| 500 | _a4 ref. | ||
| 650 | _aCENOURA | ||
| 650 | _aPLANTIO | ||
| 650 | _aSEMEADURA | ||
| 650 | _aADUBACAO | ||
| 650 | _aCOMPORTAMENTO DE VARIEDADE | ||
| 650 | _aSANTA CATARINA | ||
| 909 |
_a202312 _bLúcia Elande _c55 _dLúcia Elande |
||
| 942 |
_2AGRIS _n0 _cMS |
||
| 999 |
_c279274 _d279274 |
||